000 00866 a2200229 4500
003 NUST
005 20230127131215.0
010 _a 82017036
020 _a087477246X
040 _cNust
082 0 0 _a904.981,FLE
100 1 _aFleming, Peter,
_9107794
245 1 0 _aBrazilian adventure /
_cPeter Fleming.
260 _aLos Angeles :
_bJ.P. Tarcher ;
_aBoston :
_bDistributed by Houghton Mifflin,
_cc1933.
300 _a376 p. :
_bmap ;
_c21 cm.
505 _aThrough the Looking Glass (Page-13), Hand to Mouth (Page-175), The Race to the Amazon (Page-285), Home Sweet Home (Page-405).
600 1 0 _aFawcett, Percy Harrison,
_d1867-1925?
_9107925
600 1 0 _aFleming, Peter,
_d1907-1971.
_999373
651 0 _aBrazil
_xDescription and travel.
_9107926
651 0 _aMato Grosso (Brazil : State)
_xDescription and travel.
_9107927
942 _2ddc
_cBK
_k904.981,FLE
999 _c186179
_d186179